Formy podnikania so štátnou pôdou a pôdou vlastnícky nedoloženou v rámci pozemkového fondu.

Úprava podnikania so štátnou pôdou vlastnícky nedoloženou v zmysle zákona o úprave vlastníckych vzťahov k pôde. Hlavné úlohy pozemkových fondov. Prenájom a predaj pôdy. Obhospodárenia tej časti pôdy, o ktorú z trhového hľadiska nebude záujem.

Salvato in:
Dettagli Bibliografici
Autore principale: Bodnár, J.
Altri autori: Pitoňáková, K.
Natura: Capitolo di libro
Lingua:slovacco
Soggetti:
Tags: Aggiungi Tag
Nessun Tag, puoi essere il primo ad aggiungerne!!

MARC

LEADER 00000naa a2200000 4500
001 r004458
005 20221125075818.6
041 0 |a slo 
044 |a [CS] 
245 1 0 |a Formy podnikania so štátnou pôdou a pôdou vlastnícky nedoloženou v rámci pozemkového fondu.  |c J. Bodnár, K. Pitoňáková 
520 |a Úprava podnikania so štátnou pôdou vlastnícky nedoloženou v zmysle zákona o úprave vlastníckych vzťahov k pôde. Hlavné úlohy pozemkových fondov. Prenájom a predaj pôdy. Obhospodárenia tej časti pôdy, o ktorú z trhového hľadiska nebude záujem. 
610 2 0 |a pôda poľnohospodárska 
610 2 0 |a vlastníctvo štátne 
610 2 0 |a podnikanie 
610 2 0 |a ČSFR 
610 2 0 |a zákony 
100 1 |a Bodnár, J. 
700 1 |a Pitoňáková, K.